L'Argent dans Harry Potter - Statistiques

Statistiques générales
  • Ce quiz a été pris 1 477 fois
    1 421 depuis la dernière actualisation
  • Le résultat moyen est 4 sur 6
Statistiques - réponses
Réponse % Correct
La banque des sorciers se nomme: {Gringotts}
93%
dans un {Gallion}.
75%
dans une {Mornille}
63%
{Noises}
55%
Et il y a (nombre) {17}
46%
Il y a (nombre) {29}
39%
Aucun quiz correspondant
Distribution des résultats
% des personnes avec chaque résultat
Percentile par nombre de réponses
Votre historique - résultats
Vous n’avez pas pris ce quiz depuis la dernière actualisation